Exchange rates and economic fundamentals <a> methodological comparison of BEERs and FEERs

Gespeichert in:
Bibliographische Detailangaben
1. Verfasser: Clark, Peter B.
Weitere Verfasser: MacDonald, Ronald
Format: Buch
Sprache:Englisch
Veröffentlicht: Washington IMF 1998
Schriftenreihe:IMF working paper WP/98/67
Schlagworte:
Tags: Tag hinzufügen
Keine Tags, Fügen Sie das erste Tag hinzu!

MARC

LEADER 00000nam a2200000 4500
001 c106286
005 20221221082310.9
041 0 |a eng 
044 |a US 
245 1 0 |a Exchange rates and economic fundamentals  |b <a> methodological comparison of BEERs and FEERs  |c Prepared by Peter B. Clark and Ronald MacDonald 
264 1 |a Washington  |b IMF  |c 1998 
300 |a 38 s. 
490 1 |a IMF working paper  |v WP/98/67 
830 0 |a IMF working paper  |v WP/98/67 
610 2 0 |a kurz devízový 
610 2 0 |a rovnováha 
610 2 0 |a modely 
610 2 0 |a koncepcie 
610 2 0 |a ekonometria 
610 2 0 |a mena 
610 2 0 |a dolár 
610 2 0 |a marka 
610 2 0 |a jen 
610 2 0 |a politika devízová 
610 2 0 |a konvertibilita 
610 2 0 |a BEER 
610 2 0 |a FEER 
100 1 |a Clark, Peter B. 
700 1 |a MacDonald, Ronald